Southville International School and Colleges
Your cart is empty.
  • Cart
  • Lists
    Public lists Eva Luna New books Lux_list list_1
    Your lists Log in to create your own lists
  • Log in to your account
  • Your cookies
  • Search history
Southville International School and Colleges
  • Advanced search
  • Recent comments
  • Most popular
  • Libraries

Log in to your account

Log in with GOOGLE


If you do not have an external account, but do have a local account, you can still log in:

  1. Home
  2. MARC view: The song of the bird /
Normal view MARC view ISBD view

The song of the bird / (Record no. 8839)

[ view plain ]
MARC details
000 -LEADER
fixed length control field 00994cam a2200265 a 4500
001 - CONTROL NUMBER
control field 951373
003 - CONTROL NUMBER IDENTIFIER
control field OSt
005 - DATE AND TIME OF LATEST TRANSACTION
control field 20140310182044.0
008 - FIXED-LENGTH DATA ELEMENTS--GENERAL INFORMATION
fixed length control field 840430t19841982nyuaf 000 0 eng
010 ## - LIBRARY OF CONGRESS CONTROL NUMBER
LC control number 84010105
040 ## - CATALOGING SOURCE
Original cataloging agency DLC
Transcribing agency DLC
Modifying agency DLC
050 00 - LIBRARY OF CONGRESS CALL NUMBER
Classification number BX 2350.2
Item number .D386 1984
082 00 - DEWEY DECIMAL CLASSIFICATION NUMBER
Classification number HS 248.4
Item number .D39 1988
100 1# - MAIN ENTRY--PERSONAL NAME
Personal name De Mello, Anthony,
Dates associated with a name 1931-
9 (RLIN) 11430
245 14 - TITLE STATEMENT
Title The song of the bird /
Statement of responsibility, etc Anthony de Mello.
260 ## - PUBLICATION, DISTRIBUTION, ETC. (IMPRINT)
Place of publication, distribution, etc Garden City, N.Y. :
Name of publisher, distributor, etc Image Books,
Date of publication, distribution, etc 1984, c1982.
300 ## - PHYSICAL DESCRIPTION
Extent xvi, 197 p., [1] leaf of plates :
Other physical details ill. ;
Dimensions 21 cm.
541 ## - IMMEDIATE SOURCE OF ACQUISITION NOTE
-- 1
650 #0 - SUBJECT ADDED ENTRY--TOPICAL TERM
Topical term or geographic name as entry element Spiritual life
General subdivision Catholic Church.
9 (RLIN) 11431
650 #0 - SUBJECT ADDED ENTRY--TOPICAL TERM
Topical term or geographic name as entry element Storytelling
General subdivision Religious aspects
-- Christianity.
9 (RLIN) 11432
856 42 - ELECTRONIC LOCATION AND ACCESS
Materials specified Publisher description
Uniform Resource Identifier <a href="http://www.loc.gov/catdir/description/random0414/84010105.html">http://www.loc.gov/catdir/description/random0414/84010105.html</a>
856 42 - ELECTRONIC LOCATION AND ACCESS
Materials specified Contributor biographical information
Uniform Resource Identifier <a href="http://www.loc.gov/catdir/enhancements/fy1115/84010105-b.html">http://www.loc.gov/catdir/enhancements/fy1115/84010105-b.html</a>
906 ## - LOCAL DATA ELEMENT F, LDF (RLIN)
a 7
b cbc
c orignew
d 1
e ocip
f 19
g y-gencatlg
942 ## - ADDED ENTRY ELEMENTS (KOHA)
Source of classification or shelving scheme Library of Congress Classification
Koha item type
Call number prefix
Holdings
Withdrawn status Lost status Source of classification or shelving scheme Damaged status Home library Current library Shelving location Date acquired Total Checkouts Full call number Barcode Date last seen Copy number Price effective from Koha item type
    Library of Congress Classification   Luxembourg Library Luxembourg Library High School Section 08/16/2013   BX 2350.2 .D386 1988 2523 01/18/2016 1 08/16/2013 Books

The song of the bird /

APA

De Mello A., . (19841982). The song of the bird. Garden City, N.Y: Image Books.

Chicago

De Mello Anthony, . 19841982. The song of the bird. Garden City, N.Y: Image Books.

Harvard

De Mello A., . (19841982). The song of the bird. Garden City, N.Y: Image Books.

MLA

De Mello Anthony, . The song of the bird. Garden City, N.Y: Image Books. 19841982.

  • Place hold
  • Print
  • Cite
  • Add to your cart (remove)
  • Save record
    BIBTEX Dublin Core MARCXML MARC (non-Unicode/MARC-8) MARC (Unicode/UTF-8) MARC (Unicode/UTF-8, Standard) MODS (XML) RIS
  • More searches
    Search for this title in:
    Other Libraries (WorldCat) Other Databases (Google Scholar) Online Stores (Bookfinder.com) Open Library (openlibrary.org)

Exporting to Dublin Core...

SOUTHVILLE LIBRARY

Southville International School and Colleges Library

1281 Tropical Ave. Cor. Luxembourg St., BF Homes International, Las Pinas City

Tel. No. 8256374 / 252358 Loc. 117/146

Powered by Koha